Emmy Nominees for Best Comedy Series since 1971 - Statistics

General Stats
  • This quiz has been taken 1,169 times
    1,037 since last reset
  • The average score is 110 of 276
Answer Stats
Year Season Answer % Correct
1995 1 Friends
92%
1996 2 Friends
92%
1999 5 Friends
92%
2000 6 Friends
92%
2002 8 Friends
92%
2003 9 Friends
92%
1992 3 Seinfeld
83%
1993 4 Seinfeld
83%
1994 5 Seinfeld
83%
1995 6 Seinfeld
83%
1996 7 Seinfeld
83%
1997 8 Seinfeld
83%
1998 9 Seinfeld
83%
1983 1 Cheers
81%
1984 2 Cheers
81%
1985 3 Cheers
81%
1986 4 Cheers
81%
1987 5 Cheers
81%
1988 6 Cheers
81%
1989 7 Cheers
81%
1990 8 Cheers
81%
1991 9 Cheers
81%
1992 10 Cheers
81%
1993 11 Cheers
81%
1994 1 Frasier
71%
1995 2 Frasier
71%
1996 3 Frasier
71%
1997 4 Frasier
71%
1998 5 Frasier
71%
1999 6 Frasier
71%
2000 7 Frasier
71%
2001 8 Frasier
71%
2006 2 The Office
70%
2007 3 The Office
70%
2008 4 The Office
70%
2009 5 The Office
70%
2010 6 The Office
70%
2011 7 The Office
70%
2011 4 The Big Bang Theory
68%
2012 5 The Big Bang Theory
68%
2013 6 The Big Bang Theory
68%
2014 7 The Big Bang Theory
68%
1973 1 M*A*S*H
63%
1974 2 M*A*S*H
63%
1975 3 M*A*S*H
63%
1976 4 M*A*S*H
63%
1977 5 M*A*S*H
63%
1978 6 M*A*S*H
63%
1979 7 M*A*S*H
63%
1980 8 M*A*S*H
63%
1981 9 M*A*S*H
63%
1982 10 M*A*S*H
63%
1983 11 M*A*S*H
63%
2010 1 Modern Family
63%
2011 2 Modern Family
63%
2012 3 Modern Family
63%
2013 4 Modern Family
63%
2014 5 Modern Family
63%
2015 6 Modern Family
63%
2016 7 Modern Family
63%
2017 8 Modern Family
63%
1971 1 All In The Family
60%
1972 2 All In The Family
60%
1973 3 All In The Family
60%
1974 4 All In The Family
60%
1975 5 All In The Family
60%
1976 6 All In The Family
60%
1977 7 All In The Family
60%
1978 8 All In The Family
60%
1979 9 All In The Family
60%
1985 1 The Cosby Show
58%
1986 2 The Cosby Show
58%
1987 3 The Cosby Show
58%
1986 1 The Golden Girls
57%
1987 2 The Golden Girls
57%
1988 3 The Golden Girls
57%
1989 4 The Golden Girls
57%
1990 5 The Golden Girls
57%
1991 6 The Golden Girls
57%
2011 3 Parks and Recreation
56%
2015 7 Parks and Recreation
56%
2007 1 30 Rock
52%
2008 2 30 Rock
52%
2009 3 30 Rock
52%
2010 4 30 Rock
52%
2011 5 30 Rock
52%
2012 6 30 Rock
52%
2013 7 30 Rock
52%
1999 3 Everybody Loves Raymond
52%
2000 4 Everybody Loves Raymond
52%
2001 5 Everybody Loves Raymond
52%
2002 6 Everybody Loves Raymond
52%
2003 7 Everybody Loves Raymond
52%
2004 8 Everybody Loves Raymond
52%
2005 9 Everybody Loves Raymond
52%
2009 4 How I Met Your Mother
52%
1971 1 The Mary Tyler Moore Show
51%
1972 2 The Mary Tyler Moore Show
51%
1973 3 The Mary Tyler Moore Show
51%
1974 4 The Mary Tyler Moore Show
51%
1975 5 The Mary Tyler Moore Show
51%
1976 6 The Mary Tyler Moore Show
51%
1977 7 The Mary Tyler Moore Show
51%
2012 1 Veep
47%
2013 2 Veep
47%
2014 3 Veep
47%
2015 4 Veep
47%
2016 5 Veep
47%
2017 6 Veep
47%
2019 7 Veep
47%
2004 1 Arrested Development
45%
2005 2 Arrested Development
45%
2006 3 Arrested Development
45%
2000 2 Will & Grace
45%
2001 3 Will & Grace
45%
2002 4 Will & Grace
45%
2003 5 Will & Grace
45%
2004 6 Will & Grace
45%
2005 7 Will & Grace
45%
1979 1 Taxi
43%
1980 2 Taxi
43%
1981 3 Taxi
43%
1982 4 Taxi
43%
1983 5 Taxi
43%
2006 3 Two and a Half Men
43%
2007 4 Two and a Half Men
43%
2008 5 Two and a Half Men
43%
1999 1 Sex and the City
42%
2000 2 Sex and the City
42%
2001 3 Sex and the City
42%
2002 4 Sex and the City
42%
2003 5 Sex and the City
42%
2004 6 Sex and the City
42%
2002 2 Curb Your Enthusiasm
41%
2003 3 Curb Your Enthusiasm
41%
2004 4 Curb Your Enthusiasm
41%
2006 5 Curb Your Enthusiasm
41%
2008 6 Curb Your Enthusiasm
41%
2010 7 Curb Your Enthusiasm
41%
2012 8 Curb Your Enthusiasm
41%
2018 9 Curb Your Enthusiasm
41%
2020 10 Curb Your Enthusiasm
41%
1984 2 Family Ties
41%
1985 3 Family Ties
41%
1986 4 Family Ties
41%
1987 5 Family Ties
41%
1992 1 Home Improvement
35%
1993 2 Home Improvement
35%
1994 3 Home Improvement
35%
2019 5 Schitt's Creek
34%
2020 6 Schitt's Creek
34%
1973 1 Maude
32%
1989 1 Murphy Brown
32%
1990 2 Murphy Brown
32%
1991 3 Murphy Brown
32%
1992 4 Murphy Brown
32%
1993 5 Murphy Brown
32%
1994 2 Mad About You
31%
1995 3 Mad About You
31%
1996 4 Mad About You
31%
1997 5 Mad About You
31%
2001 2 Malcolm in the Middle
30%
2021 1 Ted Lasso
30%
1978 2 Three's Company
30%
2009 7 Family Guy
29%
2019 3 The Good Place
29%
2020 4 The Good Place
29%
2005 4 Scrubs
28%
2006 5 Scrubs
28%
1997 2 3rd Rock from the Sun
27%
1998 3 3rd Rock from the Sun
27%
1983 1 Newhart
26%
1984 2 Newhart
26%
1998 1 Ally Mcbeal
25%
1999 2 Ally Mcbeal
25%
1978 1 Soap
25%
1980 3 Soap
25%
1981 4 Soap
25%
2019 2 Fleabag
24%
1979 1 Mork & Mindy
24%
1975 1 Rhoda
24%
2018 1 The Marvelous Mrs. Maisel
24%
2019 2 The Marvelous Mrs. Maisel
24%
2020 3 The Marvelous Mrs. Maisel
24%
1989 3 Designing Women
23%
1990 4 Designing Women
23%
1991 5 Designing Women
23%
1972 1 Sanford and Son
23%
1973 2 Sanford and Son
23%
2017 1 Atlanta
22%
2018 2 Atlanta
22%
2018 1 Barry
22%
2019 2 Barry
22%
2016 2 Black-ish
22%
2017 3 Black-ish
22%
2018 4 Black-ish
22%
2021 7 Black-ish
22%
1985 2 Night Court
22%
1987 4 Night Court
22%
1988 5 Night Court
22%
1976 2 Barney Miller
20%
1977 3 Barney Miller
20%
1978 4 Barney Miller
20%
1979 5 Barney Miller
20%
1980 6 Barney Miller
20%
1981 7 Barney Miller
20%
1982 8 Barney Miller
20%
2005 1 Desperate Housewives
19%
2010 1 Glee
19%
2011 2 Glee
19%
1977 5 The Bob Newhart Show
19%
1988 1 The Wonder Years
19%
1989 2 The Wonder Years
19%
1990 3 The Wonder Years
19%
1991 4 The Wonder Years
19%
2021 1 Hacks
17%
2007 3 Entourage
15%
2008 4 Entourage
15%
2009 5 Entourage
15%
2007 1 Ugly Betty
15%
2015 1 Unbreakable Kimmy Schmidt
15%
2016 2 Unbreakable Kimmy Schmidt
15%
2017 3 Unbreakable Kimmy Schmidt
15%
2018 4 Unbreakable Kimmy Schmidt
15%
2014 1 Orange is the New Black
14%
2014 1 Silicon Valley
14%
2015 2 Silicon Valley
14%
2016 3 Silicon Valley
14%
2017 4 Silicon Valley
14%
2018 5 Silicon Valley
14%
1993 1 The Larry Sanders Show
14%
1994 2 The Larry Sanders Show
14%
1995 3 The Larry Sanders Show
14%
1996 4 The Larry Sanders Show
14%
1997 5 The Larry Sanders Show
14%
1998 6 The Larry Sanders Show
14%
1971 1 The Odd Couple
14%
1972 2 The Odd Couple
14%
1974 4 The Odd Couple
14%
2012 1 Girls
13%
2013 2 Girls
13%
1980 2 WKRP in Cincinnati
13%
1981 3 WKRP in Cincinnati
13%
1982 4 WKRP in Cincinnati
13%
2010 1-2 Nurse Jackie
12%
2015 1 Transparent
12%
2016 2 Transparent
12%
1976 1 Welcome Back, Kotter
12%
1984 1 Kate & Allie
11%
1985 2 Kate & Allie
11%
1986 3 Kate & Allie
11%
2009 4 Weeds
11%
2013 3 Louie
10%
2014 4 Louie
10%
2015 5 Louie
10%
2020 4 Insecure
9%
2020 2 What We Do in the Shadows
9%
2016 1 Master of None
8%
2017 2 Master of None
8%
2020 2 The Kominsky Method
7%
2021 3 The Kominsky Method
7%
2020 2 Dead to Me
6%
2021 1 Emily in Paris
6%
2009 2 Flight of the Concords
6%
2018 1 GLOW
6%
2019 1 Russian Doll
6%
2021 2 Pen15
5%
2021 1 The Flight Attendant
5%
2021 3 Cobra Kai
4%
1971 1 Arnie
3%
1983 1 Buffalo Bill
3%
1984 2 Buffalo Bill
3%
1988 entire series Frank's Place
3%
1971 2 Love, American Style
3%
1992 1 Brooklyn Bridge
2%
1982 1 Love, Sidney
2%
No matching quizzes found
Score Distribution
Percent of People with Each Score
Percentile by Number Answered
Your Score History
You have not taken this quiz since the last reset